| Tag |
First Indicator |
Second Indicator |
Subfields |
| LEADER |
00000cam a2200000 a 4500 |
| 001 |
in00001410138 |
| 005 |
20160305063301.0 |
| 008 |
970624s1998 kyua bq s001 0 eng |
| 010 |
|
|
|a 97023971
|
| 020 |
|
|
|a 0813109345 (pbk. : alk. paper)
|
| 035 |
|
|
|a (OCoLC)37246832
|
| 035 |
|
|
|9 AHN8100AM
|
| 040 |
|
|
|a DLC
|c DLC
|d TXA
|d UtOrBLW
|
| 049 |
|
|
|a TXAM
|
| 050 |
0 |
0 |
|a PN1995.9.D6
|b S494 1998
|
| 082 |
0 |
0 |
|a 070.1/8
|2 21
|
| 100 |
1 |
|
|a Sherman, Sharon R.
|
| 245 |
1 |
0 |
|a Documenting ourselves :
|b film, video, and culture /
|c Sharon R. Sherman.
|
| 264 |
|
1 |
|a Lexington, Ky. :
|b University Press of Kentucky,
|c [1998]
|
| 264 |
|
4 |
|c ©1998
|
| 300 |
|
|
|a xvi, 320 pages :
|b illustrations ;
|c 23 cm.
|
| 336 |
|
|
|a text
|b txt
|2 rdacontent
|
| 337 |
|
|
|a unmediated
|b n
|2 rdamedia
|
| 338 |
|
|
|a volume
|b nc
|2 rdacarrier
|
| 504 |
|
|
|a Includes bibliographical references and index.
|
| 504 |
|
|
|a Filmography: pages [277]-283.
|
| 650 |
|
0 |
|a Documentary films.
|
| 650 |
|
0 |
|a Folklore in motion pictures.
|
| 948 |
|
|
|a c:cer
|
| 999 |
|
|
|a MARS
|
| 999 |
f |
f |
|s 57086aea-ed32-3062-8533-a6e45fb264dc
|i 8d6fb620-c939-3429-bcac-8fe958a9c030
|t 0
|
| 952 |
f |
f |
|p ric
|a Texas A&M University
|b Rellis Campus
|c Joint Library Facility
|d Remote Storage
|t 0
|e PN1995.9.D6 S494 1998
|h Library of Congress classification
|i unmediated -- volume
|m A14822471672
|
| 998 |
f |
f |
|a PN1995.9.D6 S494 1998
|t 0
|l Remote Storage
|